Top 20 Meilleurs Buteurs Europe (Big 5) saison 2023-2024 - Statistiques

Statistiques générales
  • Ce quiz a été pris 545 fois
  • Le résultat moyen est 16 sur 20
Statistiques - réponses
Réponse % Correct
Kylian Mbappé
100%
Erling Haaland
97%
Harry Kane
96%
Vinicius Júnior
90%
Mohamed Salah
89%
Robert Lewandowski
89%
Alexandre Lacazette
88%
Antoine Griezmann
88%
Pierre-Emerick Aubameyang
88%
Lautaro Martínez
86%
Jude Bellingham
84%
Jonathan David
80%
Phil Foden
80%
Cole Palmer
78%
Alexander Isak
70%
Serhou Guirassy
68%
Loïs Openda
67%
Oliver Watkins
67%
Artem Dovbyk
50%
Alexander Sørloth
38%
Aucun quiz correspondant
Distribution des résultats
% des personnes avec chaque résultat
Percentile par nombre de réponses
Votre historique - résultats
Vous n’avez pas pris ce quiz